| 000 | 00355nam a2200145Ia 4500 | ||
|---|---|---|---|
| 005 | 20251222175939.0 | ||
| 008 | 251222s9999||||xx |||||||||||||| ||spa|| | ||
| 020 | _a9789972297090 | ||
| 082 | _a658.408/M81 | ||
| 100 | _aMolteni, Mario | ||
| 245 | 0 | _aResponsabilidad Social y Resultados de Empresa: | |
| 250 | _a1ra.ed. | ||
| 264 | _bUCSS | ||
| 942 | _cLIB | ||
| 999 |
_c41322 _d41322 |
||